000 00359nam a2200145Ia 4500
008 191201s2005 xx 000 0 und d
082 _a621.384135
_bKRA
100 _aKRAUS, John D etc
245 0 _aAntennas for All Applications
250 _a3rd
260 _aN.Delhi
_bTata mc Graw Hill
_c2005
300 _a938
650 _aB.Tech(ECE)
942 _2ddc
_cBK
999 _c1019
_d1019